| 000 | 00739nam a22001937a 4500 | ||
|---|---|---|---|
| 999 |
_c63334 _d63334 |
||
| 005 | 20250918173008.0 | ||
| 008 | 250918s1992 gw ||||| |||| 00| 0 goh d | ||
| 020 | _a9783423033466x | ||
| 041 | _agoh | ||
| 080 | _a821.112.2.09 R-59 | ||
| 100 |
_a Wolfgang, A. _925838 |
||
| 245 |
_aDeutsche Literaturgeschichte : _bBand 6: Frührealismus: 1815 - 1848 / _c Annemarie und Wolfgang van Rinsum. |
||
| 264 |
_aMünchen: _bDeutscher Taschenbuch Verlag, _c1992. |
||
| 300 |
_a322 p.; _b20 cm. |
||
| 653 | _aგერმანული ლიტერატურის ისტორია | ||
| 653 | _aადრეული რეალიზმი | ||
| 700 |
_aRinsum, Wolfgang _eავტორი _925833 |
||
| 942 |
_2udc _cᲬᲘᲒᲜᲘ |
||